| 000 | 00532cam a2200205ua 4500 | ||
|---|---|---|---|
| 020 | _c60.00 | ||
| 041 |
_aeng _h |
||
| 082 |
_a541.22 _bSNE/CO |
||
| 100 | _aSneed , Cannon M . | ||
| 245 |
_aComprehensive inorganic chemistry, Vol 1 / _cCannon M Sneed. _hTextual Documents |
||
| 250 |
_a1 / _b. |
||
| 260 |
_aNew Jersy : _bD.Van Nostrand Co. , _c1966. |
||
| 300 | _a232 ; . | ||
| 365 | _a60.00 | ||
| 504 | _a | ||
| 700 | 1 | _aBrasted, Robert C . | |
| 700 | 1 | _aMaynard, Lewis J . | |
| 942 | _cBK | ||
| 999 |
_c9535 _d9535 |
||